000 00856nac a22002657a 4500
001 BR6002751
003 BR-BrBNA
005 20240105113044.0
008 230509b bl.|||m| |||| 00| 0 por d
040 _aBR-BrBNA
_bpor
_cBiblioteca Nacional de Agricultura
072 _aK00; C00
090 _aK00 BR6002751
100 1 _aSouza, P.F.
110 1 _aServico de Informacao Agricola, Rio de Janeiro, GB (Brasil)
245 1 _aEscola Nacional de Florestas. Necessidade de sua criacao [Brasil]
260 3 _aRio de Janeiro, GB (Brasil):
_c1958.
300 _a59 p.
490 _aEstudos e Ensaios - Servico de Informacao Agricola (Brazil)
_vno. 19
_x
500 _aBibliography p. 54-59
650 _aFloresta
650 _aExtensao rural
650 _aEnsino agricola
909 _a202312
_bLúcia Elande
_c55
_dLúcia Elande
942 _2AGRIS
_n0
_cMS
999 _c261641
_d261641